| 000 | 00811ntaaa2200277 4500 | ||
|---|---|---|---|
| 003 | 01 | ||
| 005 | 20251027202647.0 | ||
| 008 | 0714s1973 ag 01 | ||
| 040 |
_aAR-BaBN _bspa _cAR-BaBN _eaacr _dRIC |
||
| 082 | _a377.1 N22 | ||
| 245 |
_aLa escuela laica / _ctraducido por María Luisa Navarro, J. Ferry, F. Buisson |
||
| 250 | _a1ª ed. | ||
| 260 |
_aMadrid : _bRevista de Pedagogía, _c1932 |
||
| 300 | _a122 p. | ||
| 490 |
_aLa pedagogía social y política ; _vIV |
||
| 650 | _aLAICISMO | ||
| 700 |
_aNavarro, María Luisa _etraductor _926067 |
||
| 700 |
_aFerry, J. _926068 |
||
| 700 |
_aBuisson, F. _926069 |
||
| 700 |
_aPécaut, F. _926070 |
||
| 700 |
_aJaurés, J. _926071 |
||
| 700 |
_aLanson, G. _926072 |
||
| 700 |
_aLaviesse, E. _926073 |
||
| 800 | _aLuzuriaga, Lorenzo | ||
| 942 | _cBK | ||
| 999 |
_c21778 _d21778 |
||